Vereine der Top 5-Ligen im Europapokal 2025/26 - Statistiken

Allgemein
  • Dieses Quiz wurde 147 mal gespielt
  • Das Durchschnittsergebnis liegt bei 31 aus 38
Antwortstatistiken
Land Wettbewerb Antwort % Korrekt
Deutschland Champions League Bayer 04 Leverkusen
99%
Deutschland Champions League Borussia Dortmund
99%
Deutschland Champions League FC Bayern München
99%
Deutschland Champions League Eintracht Frankfurt
98%
Spanien Champions League Real Madrid
98%
Spanien Champions League FC Barcelona
97%
England Champions League FC Liverpool
97%
England Champions League Manchester City
97%
Italien Champions League Inter Mailand
96%
Frankreich Champions League Paris Saint-Germain
96%
Italien Champions League Juventus Turin
95%
England Champions League FC Chelsea
94%
Spanien Champions League Atletico Madrid
93%
England Champions League FC Arsenal
93%
Deutschland Europa League SC Freiburg
93%
Italien Champions League SSC Neapel
92%
Deutschland Conference League 1. FSV Mainz 05
90%
Frankreich Europa League Olympique Lyon
90%
Frankreich Champions League Olympique Marseille
90%
Spanien Europa League Real Betis Sevilla
90%
Deutschland Europa League VfB Stuttgart
90%
Italien Europa League AS Rom
87%
England Champions League Tottenham Hotspur
87%
Frankreich Champions League AS Monaco
86%
Italien Champions League Atalanta Bergamo
85%
England Europa League Aston Villa
83%
England Champions League Newcastle United
82%
Spanien Champions League Athletic Bilbao
75%
Italien Conference League AC Florenz
74%
England Europa League Nottingham Forest
69%
Spanien Champions League FC Villareal
66%
Frankreich Europa League OSC Lille
66%
Frankreich Europa League OGC Nizza
58%
England Conference League Crystal Palace
55%
Italien Europa League FC Bologna
50%
Frankreich Conference League Racing Straßburg
43%
Spanien Europa League Celta Vigo
30%
Spanien Conference League Rayo Vallecano
23%
Keine übereinstimmenden Quizze gefunden
Verteilung der Resultate
Anzahl Personen mit jedem Resultat
Perzentil nach korrekt beantworteten Fragen
Ihre Resultats-Entwicklung
Sie haben dieses Quiz noch nicht gespielt